00751nam a2200217Ia 4500001000700000003000500007008004100012010001100053040000900064082001400073100002200087245014600109260006200255300001100317440000500328500000500333503001500338650003600353650010100389650004300490Z_2410CHAP220113s1976 xx 000 0 und d a165466 cCHAP a332.71 G6 aGómez, Marte R. aEl crédito agrícola en México : estudio sobre su establecimiento y análisis de su funcionamiento hasta 1931 /cpor Marte R. Gómez aChapingo, Méx. :bENA. Colegio de Postgraduados,c1976 a150 p. a a aDONACIÓN aCrédito agrícolaxHistoria  aCrédito agrícolaxMéxico I. ENA. Colegio de Postgraduados, Centro de Economía Agrícola aCrédito agrícolaxMéxicoxLeyes